000 01226nam a2200325Ia 4500
001 dia_6072
003 CHAP
005 20230316094047.0
008 220117s2005 xx 000 0 und d
010 _a177280
040 _cCHAP
082 _a363.1929 U83 2005
110 _aFood Products Association
_9160770
245 _aUSDA inpections : a guide for meat and poultry processors /
_c Food Products Association
260 _aEstados Unidos de América :
_b Food Products Association,
_c2005
300 _aiv, 62 p.
504 _aIncluye bibliografías
590 _aTS1975 U83 2005
650 _aAves de corral
_xInspección de carne
_xEstados Unidos
_9160771
650 _aEstados Unidos
_xServicio de Inspección e inocuidad de los alimentos
_9160772
650 _aInspección de carne
_xEstados Unidos
_9160773
650 _aMeat inspection
_xUnited States
_9160774
650 _aPoultry
_xMeat inspection
_xUnited States
_9160775
650 _aUnited States
_xFood Safety and Inspection Service
_9160776
710 _aFood Products Association
_9160770
901 _a363.1929 U83 2005
902 _aM
905 _a5232272005 -us 8222123322eng16
942 _cLIBRO
_2ddc
999 _c177280
_d177280